00261nam a2200097Ia 4500008004100000100002000041245003900061260004700100300000800147650000800155191201s2004 xx 000 0 und d aSRIVASTAVA, R M 0aInternational Strategic Management aN. DelhibHimalaya Publication Housec2004 a498 aMBA